000 00317nam a2200133Ia 4500
008 231129s1955||||xx |||||||||||||| ||spa||
040 _bspa
082 _a923.252 V785c
100 _aVining Elizabeth Gray
245 0 _aCuatro aƱos en la corte del japon
260 _c1955
264 _aJuventud
942 _2ddc
_cBKS
999 _c8400
_d8400